000 00609nam a2200277Ia 4500
005 20260324143931.0
008 008 260324s9999 xx 000 0 eng d
020 _a9781003480556
037 _aEBOOK
040 _aCRL
040 _beng
040 _cCRL
041 _2eng
041 _aeng
084 _qCRL
100 _aDavid Wood
245 0 _aPhilosophers' Poets
260 _bTaylor and Francis
260 _c1990
365 _a
365 _b160
856 _uhttp://www.taylorfrancis.com/books/9781003480556
942 _cEBOOK
999 _c1823460
_d1823460